000 00695pam a2200229 i 4500
001 2248271
005 20180810034529.0
008 771011s1978 mdua b 001 0 eng
010 _a 77020171
020 _a0683021036
040 _aDLC
_cDLC
_dDLC
041 _aeng
060 _aWG141 C774r
080 _a616.1207572
082 0 0 _a616.07/572/08 s
_a616.1/2/07572
100 1 _a6
101 _arad
245 1 0 _aRadiology of the heart and great vessels /
_cby Robert N. Cooley and Melvyn H. Schreiber ; with a section on coronary arteriography by Luis B. Morettin.
504 _aBibliography: p. 634-668.
906 _a7
_bcbc
_corignew
_d1
_eocip
_f19
_gy-gencatlg
942 _2ddc
_cBK
999 _c46992
_d46992